| 000 | 00472nam a2200181Ia 4500 | ||
|---|---|---|---|
| 005 | 20250923144330.0 | ||
| 008 | 008 250917s9999 xx 000 0 eng d | ||
| 037 | _aTextual | ||
| 040 |
_aDSWL _beng _cDSWL |
||
| 041 |
_aeng _2eng |
||
| 084 | _qDSWL | ||
| 100 |
_aGreisheimer, Esther _9823761 |
||
| 245 | 0 |
_aPsychology and anatomy _cby Esther Greisheimer |
|
| 260 |
_aLondon _c1937 |
||
| 300 | _a706 p. | ||
| 942 | _cTEXL | ||
| 999 |
_c1437548 _d1437548 |
||